| Tag |
First Indicator |
Second Indicator |
Subfields |
| LEADER |
00000pam a2200000 a 4500 |
| 001 |
in00000076112 |
| 005 |
20151008060430.0 |
| 008 |
811022s1982 nyu b 00110 eng |
| 010 |
|
|
|a 81019285
|
| 020 |
|
|
|a 0025445707
|
| 035 |
|
|
|a (OCoLC)07947742
|
| 035 |
|
|
|9 AAJ5741AM
|
| 039 |
0 |
|
|a 2
|b 3
|c 3
|d 3
|e 3
|
| 040 |
|
|
|a DLC
|c DLC
|d TXA
|d UtOrBLW
|
| 043 |
|
|
|a n-us---
|a e------
|
| 049 |
|
|
|a TXAM
|c [1272293]
|
| 050 |
0 |
0 |
|a D1065.U5
|b G64
|
| 082 |
0 |
|
|a 327.4073
|2 19
|
| 100 |
1 |
|
|a Goldsborough, James Oliver.
|
| 245 |
1 |
0 |
|a Rebel Europe :
|b how America can live with a changing continent /
|c James Oliver Goldsborough.
|
| 264 |
|
1 |
|a New York :
|b Macmillan ;
|a London :
|b Collier Macmillan,
|c [1982]
|
| 264 |
|
4 |
|c ©1982
|
| 300 |
|
|
|a xiii, 187 pages ;
|c 22 cm.
|
| 336 |
|
|
|a text
|b txt
|2 rdacontent
|
| 337 |
|
|
|a unmediated
|b n
|2 rdamedia
|
| 338 |
|
|
|a volume
|b nc
|2 rdacarrier
|
| 504 |
|
|
|a Includes bibliographical references and index.
|
| 650 |
|
0 |
|a Public opinion
|z Europe.
|
| 651 |
|
0 |
|a Europe
|x Relations
|z United States.
|
| 651 |
|
0 |
|a United States
|x Relations
|z Europe.
|
| 651 |
|
0 |
|a Europe
|x Foreign relations
|y 1945-
|
| 651 |
|
0 |
|a Europe
|x Economic conditions
|y 1945-
|
| 651 |
|
0 |
|a United States
|x Foreign public opinion, European.
|
| 999 |
|
|
|a MARS
|
| 999 |
f |
f |
|s b04e5f40-4d85-37e0-bca4-4d0bea928db3
|i 3d9d054a-3b92-3859-9c34-305d0a12b1f7
|t 0
|
| 952 |
f |
f |
|p ric
|a Texas A&M University
|b Rellis Campus
|c Joint Library Facility
|d Remote Storage
|t 0
|e D1065.U5 G64
|h Library of Congress classification
|i unmediated -- volume
|m A14806096056
|
| 998 |
f |
f |
|a D1065.U5 G64
|t 0
|l Remote Storage
|